[Event "VII Sunway Sitges Open 2020"]
[Site "Sitges"]
[Date "2020.12.14"]
[Round "2.18"]
[White "Flom, Gabriel"]
[Black "Toncheva, Nadya"]
[Result "1/2-1/2"]
[WhiteElo "2499"]
[BlackElo "2321"]
[Annotator "RC"]
[PlyCount "150"]
[EventDate "2020.12.13"]
[EventType "swiss"]
[EventCountry "ESP"]
[SourceTitle "playchess.com"]
[Source "ChessBase"]
[SourceQuality "1"]
[TimeControl "40/5400+30:1800+30"]

1. d4 {[%emt 0:08:32]} d5 {[%emt 0:00:00]} 2. c4 {[%emt 0:00:05]} dxc4 {[%emt 0:00:00]} 3. e4 {[%emt 0:00:04]} e5 {[%emt 0:00:00]} 4. Nf3 {[%emt 0:00:39]} Bb4+ {[%emt 0:00:00]} 5. Bd2 {[%emt 0:02:13]} Bxd2+ {[%emt 0:00:09]} 6. Qxd2 {[%emt 0:00:03]} exd4 {[%emt 0:00:07]} 7. Nxd4 {[%emt 0:00:22]} Ne7 {[%emt 0:00:18]} 8. Nc3 {[%emt 0:01:18]} O-O {[%emt 0:03:45]} 9. Bxc4 {[%emt 0:01:22]} c5 {[%emt 0:01:31]} 10. Ndb5 {[%emt 0:00:30]} Qxd2+ {[%emt 0:01:19]} 11. Kxd2 {[%emt 0:00:02]} Nbc6 {[%emt 0:00:13]} 12. Ke3 {[%emt 0:02:57]} a6 {[%emt 0:08:55]} 13. Nc7 {[%emt 0:00:09]} Rb8 {[%emt 0:00:05]} 14. Rac1 {[%emt 0:00:43]} b5 {[%emt 0:02:04]} 15. Be2 {[%emt 0:00:02]} Bb7 {[%emt 0:08:14]} 16. N3d5 {[%emt 0:05:14]} c4 {[%emt 0:02:29]} 17. b3 {[%emt 0:02:28]} cxb3 {[%emt 0:00:20]} 18. axb3 {[%emt 0:00:03]} Nxd5+ {[%emt 0:08:02]} 19. Nxd5 {[%emt 0:08:10]} Rfe8 {[%emt 0:01:53]} 20. Nc7 {[%emt 0:03:21]} Re7 {[%emt 0:02:50]} 21. Nd5 {[%emt 0:00:49]} Ree8 {[%emt 0:01:57]} 22. Rhd1 {[%emt 0:00:56]} Ne7 {[%emt 0:01:43]} 23. Nxe7+ {[%emt 0:01:13]} Rxe7 {[%emt 0:00:05]} 24. f3 {[%emt 0:00:22]} Rbe8 {[%emt 0:12:52]} 25. Rd4 {[%emt 0:00:06]} f5 {[%emt 0:00:05]} 26. Rc5 {[%emt 0:00:20]} fxe4 {[%emt 0:01:07]} 27. f4 {[%emt 0:00:01]} g6 {[%emt 0:04:28]} 28. h4 {[%emt 0:00:56]} Kg7 {[%emt 0:00:15]} 29. g3 {[%emt 0:00:15]} Rf8 {[%emt 0:03:44]} 30. Bg4 {[%emt 0:08:17]} Rf6 {[%emt 0:07:42]} 31. b4 {[%emt 0:02:11]} Bc6 {[%emt 0:00:43]} 32. Rd8 {[%emt 0:00:52]} Be8 {[%emt 0:06:19]} 33. Re5 {[%emt 0:01:40]} Kf7 {[%emt 0:02:19]} 34. h5 {[%emt 0:21:23]} a5 {[%emt 0:02:53]} 35. bxa5 {[%emt 0:02:32]} Ra6 {[%emt 0:00:17]} 36. h6 {[%emt 0:04:19]} Rxa5 {[%emt 0:00:51]} 37. Be6+ {[%emt 0:08:45]} Rxe6 {[%emt 0:00:17]} 38. Rxe6 {[%emt 0:00:01]} Kxe6 {[%emt 0:00:36]} 39. Rxe8+ {[%emt 0:00:01]} Kf6 {[%emt 0:00:18]} 40. g4 {[%emt 0:00:00]} Ra7 {[%emt 0:00:00]} 41. Rb8 {[%emt 0:06:37]} Ra3+ {[%emt 0:09:54]} 42. Kxe4 {[%emt 0:00:05]} Ra4+ {[%emt 0:00:04]} 43. Kf3 {[%emt 0:00:04]} Ra3+ {[%emt 0:00:04]} 44. Kg2 {[%emt 0:00:03]} Ra2+ {[%emt 0:00:05]} 45. Kg3 {[%emt 0:00:02]} Ra3+ {[%emt 0:00:06]} 46. Kh4 {[%emt 0:00:05]} Ra4 {[%emt 0:00:03]} 47. Rb6+ {[%emt 0:00:12]} Kf7 {[%emt 0:00:18]} 48. Kg5 {[%emt 0:00:32]} Ra8 {[%emt 0:06:15]} 49. Rb7+ {[%emt 0:01:25]} Kg8 {[%emt 0:00:19]} 50. f5 {[%emt 0:01:45]} gxf5 {[%emt 0:00:09]} 51. gxf5 {[%emt 0:00:01]} b4 {[%emt 0:03:57]} 52. Rxb4 {[%emt 0:00:21]} Kf7 {[%emt 0:06:24]} 53. Rb7+ {[%emt 0:00:05]} Kg8 {[%emt 0:00:03]} 54. Kf6 {[%emt 0:02:41]} Rf8+ {[%emt 0:00:24]} 55. Ke6 {[%emt 0:00:01]} Re8+ {[%emt 0:00:11]} 56. Re7 {[%emt 0:00:06]} Ra8 {[%emt 0:00:11]} 57. Rg7+ {[%emt 0:00:24]} Kh8 58. Rd7 {[%emt 0:03:38]} Kg8 {[%emt 0:00:46]} 59. f6 {[%emt 0:04:43]} Re8+ {[%emt 0:01:32]} 60. Kf5 {[%emt 0:00:21]} Ra8 {[%emt 0:00:27]} 61. Rg7+ {[%emt 0:01:52]} Kh8 62. Re7 Kg8 {[%emt 0:00:41]} 63. Rc7 {[%emt 0:00:34]} Rb8 {[%emt 0:01:00]} 64. Ke6 {[%emt 0:00:15]} Re8+ {[%emt 0:00:14]} 65. Re7 {[%emt 0:00:14]} Ra8 {[%emt 0:00:08]} 66. Rd7 {[%emt 0:00:25]} Re8+ {[%emt 0:00:12]} 67. Kd6 {[%emt 0:00:01]} Rf8 {[%emt 0:00:49]} 68. Ke5 {[%emt 0:07:13]} Re8+ {[%emt 0:00:39]} 69. Kf5 {[%emt 0:00:01]} Ra8 {[%emt 0:00:12]} 70. Rb7 {[%emt 0:00:16]} Rc8 {[%emt 0:00:36]} 71. Ra7 {[%emt 0:00:21]} Rb8 {[%emt 0:00:13]} 72. Re7 {[%emt 0:04:12]} Rb5+ {[%emt 0:00:50]} 73. Ke4 {[%emt 0:00:02]} Rb4+ {[%emt 0:01:17]} 74. Kd5 {[%emt 0:00:05]} Rb5+ {[%emt 0:00:51]} 75. Kc6 {[%emt 0:00:02]} Rf5 {[%emt 0:00:43]} 1/2-1/2

[Event "VII Sunway Sitges Open 2020"]
[Site "Sitges"]
[Date "2020.12.14"]
[Round "2.19"]
[White "Garcia Jimenez, Francisco Javier"]
[Black "Narciso Dublan, Marc"]
[Result "0-1"]
[WhiteElo "2288"]
[BlackElo "2492"]
[Annotator "TA"]
[PlyCount "66"]
[EventDate "2020.12.13"]
[EventType "swiss"]
[EventCountry "ESP"]
[SourceTitle "playchess.com"]
[Source "ChessBase"]
[SourceQuality "1"]

{[%evp 9,66,28,26,18,34,37,42,20,8,-15,-15,-5,0,0,18,0,27,19,13,0,1,0,20,0,0,-14,0,0,0,-11,3,0,0,0,23,16,21,33,20,-5,0,-4,12,-93,-96,-86,-102,-210,-214,-192,-175,-379,-372,-374,-347,-403,-401,-379,-328]} 1. e4 e6 2. g3 d5 3. Bg2 Nf6 4. e5 Ng8 {[#]} 5. Nf3 $146 ({Predecessor:} 5. d4 c5 6. c3 Nc6 7. Ne2 Qb6 8. O-O Nh6 9. dxc5 Bxc5 10. b4 Be7 11. Be3 Qc7 12. Bxh6 gxh6 {½-½ (32) Geloso,C (2345)-Arencibia Rodriguez,W (2480) Buenos Aires 1994}) 5... c5 6. c3 {C00: French: Unusual White 2nd moves.} Nc6 7. d4 Nge7 8. O-O {White is slightly better.} Nf5 9. Na3 {[%cal Bb1a3,Ba3c2,Bc2e3][%mdl 32]} cxd4 10. cxd4 Bd7 11. Nc2 Rc8 12. Bg5 Be7 (12... Qb6 {is more complex.} 13. Qd3 Qxb2 14. Rfb1 Nxe5 15. Nxe5 Qxc2 16. Qxc2 Rxc2 17. Nxd7 Kxd7 18. Rxb7+ Rc7) 13. Bxe7 Nfxe7 14. Ne3 Qb6 15. Qd2 Qb4 16. Qxb4 Nxb4 17. a3 Nbc6 18. Rfc1 O-O 19. Rc3 f5 20. exf6 gxf6 21. Bh3 Rcd8 22. Rd1 e5 23. Bxd7 Rxd7 24. dxe5 fxe5 25. Ng4 Ng6 26. Re3 (26. Ng5 $11 {was the only way to keep the balance.}) 26... e4 $17 27. Ng5 {[#] Black must now prevent Ne6.} h5 $1 {[%cal Rh5g4]} 28. Rxe4 (28. Nh6+ $17 Kg7 29. Nhf7) 28... hxg4 $19 ({Not} 28... dxe4 29. Nh6+ Kg7 30. Rxd7+ Kxh6 31. h4 $11) 29. Rxg4 Nge5 30. Ra4 $2 (30. Rh4) 30... d4 31. f4 Ng4 32. h3 Ne3 33. Rd3 a5 {Weighted Error Value: White=0.29/Black=0.07} 0-1

[Event "VII Sunway Sitges Open 2020"]
[Site "Sitges"]
[Date "2020.12.14"]
[Round "2.20"]
[White "Garriga Cazorla, Pere"]
[Black "Boyer, Mahel"]
[Result "1-0"]
[WhiteElo "2487"]
[BlackElo "2307"]
[Annotator "TA"]
[PlyCount "150"]
[EventDate "2020.12.13"]
[EventType "swiss"]
[EventCountry "ESP"]
[SourceTitle "playchess.com"]
[Source "ChessBase"]
[SourceQuality "1"]

{[%evp 15,150,0,0,-8,0,-13,0,0,-3,-28,-19,-29,-10,-25,-22,-36,-25,-30,-12,-20,-20,-55,0,0,8,0,4,0,0,-9,8,6,23,0,0,0,20,20,20,20,29,27,24,22,23,23,42,35,40,22,42,47,47,7,8,2,2,2,2,0,0,0,39,42,34,34,31,31,57,53,64,31,46,33,100,89,100,78,83,84,82,70,157,120,208,109,756,651,408,400,393,251,170,82,83,83,83,92,101,101,108,131,1581,2353,2143,1992,1836,1637,1464,1213,1079,946,29965,29966,29965,29967,29967,29968,29963,29962,29968,29971,29970,29972,29971,29972,29972,29973,29972,29973,29970,29971,29974,29976,29973,29974,29993]} 1. d4 Nf6 2. c4 e6 3. Nc3 d5 4. Nf3 h6 5. g3 Bd6 6. Bg2 O-O 7. O-O Nc6 8. cxd5 exd5 9. Nb5 {D35: Queen's Gambit Declined: Exchange Variation.} Bf5 {[#]} 10. h3 $146 ({Predecessor:} 10. Nxd6 cxd6 11. b3 a5 12. Bb2 Qb6 13. Qd2 a4 14. Qf4 Ne7 15. Ba3 Rfd8 16. Rfc1 Bh7 {0-1 (51) Skatchkov,V (2242)-Fedoseev,V (2678) Cheliabinsk 2020}) 10... Qd7 (10... Bb4 {is interesting.} 11. a3 Ba5 12. b4 Bb6 13. Nc3 Ne7) 11. Nxd6 {The position is equal.} cxd6 12. Kh2 Rfe8 13. g4 Be4 14. Bf4 a5 15. Qd2 a4 16. Rac1 Ra6 17. g5 hxg5 18. Bxg5 Bxf3 (18... Nh5 $15) 19. exf3 $11 Qf5 20. h4 Nh7 21. Rfe1 Raa8 22. Qf4 Qxf4+ 23. Bxf4 Nxd4 {...Ne2 is the strong threat.} 24. Bxd6 Nf5 25. Bg3 Nf6 26. Rxe8+ Rxe8 27. Bf1 Nxg3 28. fxg3 {[%mdl 4096] Endgame KRB-KRN} a3 29. Rc2 Re3 30. Kg2 axb2 31. Rxb2 Ra3 32. Kf2 g6 33. Be2 Kg7 34. Bd1 Nd7 35. Bb3 Nc5 {Threatens to win with ...Nd3+.} 36. Ke3 Nxb3 37. axb3 {KR-KR} Ra1 38. Rd2 Ra5 39. Kd4 Kf6 40. Re2 Rb5 41. Rb2 Ra5 42. g4 Ke6 43. Rh2 {And now h5 would win.} Kf6 44. Re2 Ra1 (44... Rb5 $14) 45. Kxd5 $16 Rh1 46. Re4 Rxh4 47. Rf4+ Kg7 48. Rb4 Rh3 (48... f5 $1 $14) 49. Ke4 $1 f5+ (49... Rh1 $16) 50. Kf4 (50. gxf5 $18 gxf5+ 51. Ke3 (51. Kxf5 Rxf3+ 52. Ke6 Rf6+ 53. Kd7 Kg6 $16)) 50... fxg4 $2 {[%mdl 8192]} (50... Kh6 $16) 51. fxg4 Rd3 52. Rxb7+ Kf6 53. Rb6+ Kg7 54. g5 (54. b4 $1 $18) 54... Rd5 55. Rb7+ Kg8 56. b4 $1 {[%cal Bb3b4,Bb4b5,Bb5b6,Bb6b7][%mdl 32] aiming for b5.} Rf5+ 57. Kg4 $1 {Black must now prevent b5.} Rd5 58. b5 Rd4+ $2 {[%mdl 8192]} (58... Re5 $16 59. b6 Rb5) 59. Kf3 $18 Rb4 60. Ke3 Kf8 61. Kd3 {Cut Off at move 61} Ke8 62. Kc3 Rg4 63. b6 Rxg5 64. Rg7 {White mates.} Rb5 65. b7 $1 Kd8 66. Kc4 Rb1 67. Kc5 g5 68. Kc6 Rc1+ 69. Kb6 Rb1+ 70. Ka7 Ra1+ {[#]} 71. Kb8 $1 Ra5 72. Rg6 Kd7 {[#]} 73. Rg8 $1 {[%cal Rg8g6]} Rb5 74. Ka7 Ke6 75. Ka6 Kd5 {Weighted Error Value: White=0.13/Black=0.13} 1-0

[Event "VII Sunway Sitges Open 2020"]
[Site "Sitges"]
[Date "2020.12.14"]
[Round "2.21"]
[White "Jimenez Ruano, Adrian"]
[Black "Dardha, Daniel"]
[Result "0-1"]
[WhiteElo "2279"]
[BlackElo "2487"]
[Annotator "TA"]
[PlyCount "88"]
[EventDate "2020.12.13"]
[EventType "swiss"]
[EventCountry "ESP"]
[SourceTitle "playchess.com"]
[Source "ChessBase"]
[SourceQuality "1"]

{[%evp 19,87,3,7,0,0,6,12,8,56,48,93,4,12,0,0,0,0,0,0,0,0,0,0,0,0,0,0,-29,15,-135,7,12,60,62,42,-133,-131,-153,-160,-150,-145,-139,-83,-77,-56,-101,-87,-143,-92,-152,-141,-140,-134,-153,-134,-197,-161,-806,-808,-12837,-12836,-12834,-12831,-29994,-29992,-29992,-29993,-29993,-29994,-29999]} 1. d4 Nf6 2. c4 e6 3. Nc3 Bb4 4. Qc2 d5 5. cxd5 exd5 6. Bg5 h6 7. Bxf6 Qxf6 8. e3 O-O 9. a3 Bxc3+ 10. Qxc3 c6 11. Ne2 {E35: Nimzo-Indian: Classical: 4...d5 5 cxd5 exd5.} Nd7 {[%cal Bb8d7,Bd7f6,Bf6e4][%mdl 32]} 12. Nf4 {[#]} Qe7 $146 ({Predecessor:} 12... Re8 13. Be2 Nf8 14. O-O Ng6 15. Nh5 Qh4 16. Ng3 Qf6 17. b4 Bd7 18. a4 a6 {½-½ (45) Scekic,M (2355)-Stojanovic,M (2320) Kopaonik 1995}) 13. Bd3 {The position is equal.} g5 14. Ne2 f5 15. O-O (15. h4 $16) 15... Nf6 $11 16. Rae1 Ne4 17. Qc2 Bd7 18. f3 Nd6 19. Ng3 Rae8 20. Qc3 Rf6 21. Re2 Qf7 22. Rfe1 Rf8 23. Bb1 g4 24. Ba2 (24. Rf2 $11) 24... Qg6 (24... gxf3 $17 25. gxf3 Ne4) 25. Rf2 f4 26. exf4 Rxf4 27. Re3 $2 (27. Bb1 $1 $14 Qf7 28. Qb4) 27... Nb5 $1 $36 {[%cal Rb5c3][%mdl 2048] Keeping White busy.} 28. Qc1 Nxd4 {[%cal Rg4f3]} 29. Re4 {[#]} Ne6 $1 30. Rxf4 Rxf4 (30... Nxf4 $142 31. fxg4 Qxg4) 31. Bb1 Qg5 {...gxf3 is the strong threat.} 32. Qc2 {Threatens to win with Qh7+.} Nf8 33. fxg4 (33. Ne2 $142 Rf7 34. f4) 33... Rxf2 (33... Bxg4 $142 34. h3 Be6) 34. Kxf2 (34. Qxf2 $142 Bxg4 35. h3) 34... Qf4+ 35. Kg1 Bxg4 36. Nf1 Bh5 37. Qc5 (37. Qc3 $17 {was called for.}) 37... Ne6 38. Qxa7 $2 {[#]} (38. Qf2) 38... Nd4 $1 $19 {[%cal Rd4e2]} 39. Qa8+ Kg7 40. Qxb7+ Kf6 {( -> ...Ne2+)} 41. g4 Ne2+ {Black mates.} 42. Kg2 Qxg4+ 43. Kf2 Qh4+ 44. Ke3 Qd4# {Weighted Error Value: White=0.75/Black=0.18} 0-1

[Event "VII Sunway Sitges Open 2020"]
[Site "Sitges"]
[Date "2020.12.14"]
[Round "2.22"]
[White "Niemann, Hans Moke"]
[Black "Dalaud, Dorian"]
[Result "1-0"]
[WhiteElo "2472"]
[BlackElo "2291"]
[Annotator "RC"]
[PlyCount "119"]
[EventDate "2020.12.13"]
[EventType "swiss"]
[EventCountry "ESP"]
[SourceTitle "playchess.com"]
[Source "ChessBase"]
[SourceQuality "1"]
[TimeControl "40/5400+30:1800+30"]

1. Nf3 {[%emt 0:00:03]} d5 {[%emt 0:00:24]} 2. d4 Nf6 {[%emt 0:00:06]} 3. c4 {[%emt 0:02:31]} e6 {[%emt 0:00:19]} 4. Nc3 {[%emt 0:01:29]} dxc4 {[%emt 0:00:19]} 5. g3 Be7 {[%emt 0:11:58]} 6. Bg2 {[%emt 0:08:24]} O-O {[%emt 0:00:10]} 7. Ne5 {[%emt 0:01:37]} Nc6 {[%emt 0:09:27]} 8. Bxc6 {[%emt 0:00:17]} bxc6 {[%emt 0:00:05]} 9. Nxc6 {[%emt 0:00:05]} Qe8 {[%emt 0:00:33]} 10. Nxe7+ {[%emt 0:00:09]} Qxe7 {[%emt 0:00:05]} 11. Qa4 {[%emt 0:00:06]} Bb7 {[%emt 0:09:47]} 12. f3 c5 {[%emt 0:11:56]} 13. Qa3 {[%emt 0:02:26]} Nd5 {[%emt 0:11:09]} 14. Qxc5 {[%emt 0:01:36]} Qxc5 {[%emt 0:02:51]} 15. dxc5 {[%emt 0:00:07]} Nb4 {[%emt 0:00:20]} 16. Kf2 {[%emt 0:03:01]} Rfc8 {[%emt 0:02:28]} 17. Be3 Nc2 {[%emt 0:04:18]} 18. Rad1 {[%emt 0:03:26]} Nxe3 {[%emt 0:00:03]} 19. Kxe3 {[%emt 0:00:10]} Rxc5 {[%emt 0:00:02]} 20. Rd7 {[%emt 0:00:08]} Rb8 {[%emt 0:00:08]} 21. Rhd1 {[%emt 0:00:06]} Kf8 {[%emt 0:02:55]} 22. Rd8+ {[%emt 0:01:58]} Rxd8 {[%emt 0:00:09]} 23. Rxd8+ {[%emt 0:00:05]} Ke7 {[%emt 0:00:04]} 24. Rb8 {[%emt 0:00:08]} Ba6 {[%emt 0:06:01]} 25. Kd4 {[%emt 0:00:34]} Ra5 {[%emt 0:05:47]} 26. f4 {[%emt 0:05:28]} Kf6 {[%emt 0:09:34]} 27. e4 {[%emt 0:00:31]} Kg6 {[%emt 0:02:30]} 28. h3 {[%emt 0:01:06]} h5 29. g4 {[%emt 0:02:14]} hxg4 {[%emt 0:01:53]} 30. hxg4 {[%emt 0:00:03]} f6 {[%emt 0:00:06]} 31. e5 {[%emt 0:03:20]} fxe5+ {[%emt 0:02:29]} 32. fxe5 {[%emt 0:00:04]} Kg5 {[%emt 0:00:04]} 33. Rg8 {[%emt 0:01:10]} Kg6 {[%emt 0:02:20]} 34. Re8 {[%emt 0:00:13]} Kf7 {[%emt 0:00:09]} 35. Rb8 {[%emt 0:00:05]} Kg6 {[%emt 0:00:55]} 36. a3 {[%emt 0:00:06]} Kf7 {[%emt 0:02:31]} 37. g5 {[%emt 0:07:03]} Kg6 {[%emt 0:00:12]} 38. Re8 Kf7 {[%emt 0:00:56]} 39. Rd8 {[%emt 0:00:12]} Ke7 {[%emt 0:01:56]} 40. Ra8 {[%emt 0:00:00]} Bb7 {[%emt 0:00:00]} 41. Rb8 Bf3 {[%emt 0:10:36]} 42. g6 {[%emt 0:00:42]} Bh5 {[%emt 0:00:02]} 43. Rg8 {[%emt 0:00:19]} Bxg6 {[%emt 0:00:01]} 44. Rxg7+ {[%emt 0:00:05]} Bf7 {[%emt 0:00:07]} 45. Rg5 {[%emt 0:00:05]} Kd7 {[%emt 0:00:20]} 46. Kxc4 {[%emt 0:00:19]} Kc6 {[%emt 0:00:24]} 47. a4 {[%emt 0:00:10]} Rc5+ {[%emt 0:00:35]} 48. Kd4 {[%emt 0:00:02]} Kb6 {[%emt 0:02:29]} 49. Rg7 {[%emt 0:00:05]} Bh5 {[%emt 0:00:39]} 50. Rb7+ Kxb7 {[%emt 0:04:49]} 51. Kxc5 {[%emt 0:00:06]} Bg4 {[%emt 0:02:41]} 52. b4 {[%emt 0:00:11]} a6 {[%emt 0:00:55]} 53. a5 {[%emt 0:00:41]} Kc7 {[%emt 0:01:24]} 54. Ne4 {[%emt 0:05:20]} Bd1 {[%emt 0:02:08]} 55. Nd6 {[%emt 0:00:17]} Ba4 56. b5 {[%emt 0:00:12]} axb5 {[%emt 0:01:29]} 57. a6 {[%emt 0:00:00]} Bd1 {[%emt 0:02:51]} 58. Nxb5+ Kd7 {[%emt 0:09:38]} 59. Kb6 {[%emt 0:00:11]} Ke7 {[%emt 0:00:37]} 60. Nd4 {[%emt 0:00:05]} 1-0

[Event "VII Sunway Sitges Open 2020"]
[Site "Sitges"]
[Date "2020.12.14"]
[Round "2.23"]
[White "Peycheva, Gergana"]
[Black "Asis Gargatagli, Hipolito"]
[Result "1/2-1/2"]
[WhiteElo "2257"]
[BlackElo "2470"]
[Annotator "RC"]
[PlyCount "67"]
[EventDate "2020.12.13"]
[EventType "swiss"]
[EventCountry "ESP"]
[SourceTitle "playchess.com"]
[Source "ChessBase"]
[SourceQuality "1"]
[TimeControl "40/5400+30:1800+30"]

1. d4 {[%emt 0:00:00]} d6 {[%emt 0:00:00]} 2. c4 {[%emt 0:00:21]} f5 {[%emt 0:00:11]} 3. Nc3 {[%emt 0:00:51]} Nf6 {[%emt 0:00:28]} 4. Bg5 {[%emt 0:02:16]} Nbd7 {[%emt 0:01:15]} 5. Qc2 {[%emt 0:00:32]} e6 {[%emt 0:06:54]} 6. e4 {[%emt 0:10:05]} fxe4 {[%emt 0:00:31]} 7. Nxe4 {[%emt 0:00:44]} Be7 {[%emt 0:00:57]} 8. Bd3 {[%emt 0:04:41]} Nxe4 {[%emt 0:10:44]} 9. Bxe7 {[%emt 0:00:05]} Qxe7 {[%emt 0:00:14]} 10. Bxe4 {[%emt 0:00:04]} Nf6 {[%emt 0:00:37]} 11. Bd3 {[%emt 0:03:16]} e5 {[%emt 0:05:46]} 12. dxe5 {[%emt 0:10:44]} dxe5 {[%emt 0:02:39]} 13. f3 {[%emt 0:08:21]} Be6 {[%emt 0:18:02]} 14. O-O-O {[%emt 0:03:24]} O-O-O {[%emt 0:07:10]} 15. Ne2 {[%emt 0:02:56]} Qc5 {[%emt 0:03:53]} 16. Bf5 {[%emt 0:11:35]} Bxf5 {[%emt 0:01:13]} 17. Qxf5+ {[%emt 0:00:04]} Kb8 {[%emt 0:00:11]} 18. Nc3 {[%emt 0:02:14]} a6 {[%emt 0:08:27]} 19. Rhe1 {[%emt 0:08:46]} Qxc4 {[%emt 0:09:59]} 20. Qxe5 {[%emt 0:03:47]} Rhe8 {[%emt 0:00:34]} 21. Qg5 {[%emt 0:04:38]} Rxe1 {[%emt 0:05:49]} 22. Rxe1 {[%emt 0:00:03]} Rd7 {[%emt 0:00:27]} 23. Rd1 {[%emt 0:05:56]} Re7 {[%emt 0:04:26]} 24. Kb1 {[%emt 0:01:15]} h6 {[%emt 0:03:48]} 25. Qg6 {[%emt 0:02:59]} Qg8 {[%emt 0:03:46]} 26. Qf5 {[%emt 0:02:06]} Qe8 {[%emt 0:00:21]} 27. a3 {[%emt 0:01:45]} Re5 {[%emt 0:01:53]} 28. Qd3 {[%emt 0:00:17]} Re1 {[%emt 0:01:02]} 29. Rxe1 {[%emt 0:00:25]} Qxe1+ {[%emt 0:00:05]} 30. Ka2 {[%emt 0:00:17]} Qe6+ {[%emt 0:00:23]} 31. Ka1 {[%emt 0:00:18]} Qe1+ {[%emt 0:00:14]} 32. Ka2 {[%emt 0:00:05]} Qe6+ {[%emt 0:00:08]} 33. Ka1 {[%emt 0:00:13]} Qe1+ 34. Qd1 1/2-1/2

[Event "VII Sunway Sitges Open 2020"]
[Site "Sitges"]
[Date "2020.12.14"]
[Round "2.24"]
[White "Sochacki, Christophe"]
[Black "Ortega Serra, Marc"]
[Result "1/2-1/2"]
[WhiteElo "2469"]
[BlackElo "2288"]
[Annotator "RC"]
[PlyCount "60"]
[EventDate "2020.12.13"]
[EventType "swiss"]
[EventCountry "ESP"]
[SourceTitle "playchess.com"]
[Source "ChessBase"]
[SourceQuality "1"]
[TimeControl "40/5400+30:1800+30"]

1. e4 {[%emt 0:00:00]} c5 {[%emt 0:00:00]} 2. Nf3 {[%emt 0:00:00]} Nc6 {[%emt 0:00:00]} 3. c3 {[%emt 0:02:43]} d5 {[%emt 0:00:02]} 4. exd5 {[%emt 0:00:15]} Qxd5 {[%emt 0:00:09]} 5. d4 {[%emt 0:00:06]} e5 {[%emt 0:00:34]} 6. Nxe5 {[%emt 0:05:49]} Nxe5 {[%emt 0:00:19]} 7. dxe5 {[%emt 0:00:02]} Qxe5+ {[%emt 0:00:15]} 8. Be3 {[%emt 0:00:24]} Bd7 {[%emt 0:01:07]} 9. Nd2 {[%emt 0:07:06]} Nf6 {[%emt 0:03:09]} 10. Nf3 {[%emt 0:13:08]} Qc7 {[%emt 0:01:05]} 11. Qb3 {[%emt 0:00:37]} Bd6 {[%emt 0:03:46]} 12. Bb5 {[%emt 0:04:29]} O-O {[%emt 0:01:54]} 13. Bxd7 {[%emt 0:00:11]} Qxd7 {[%emt 0:08:37]} 14. O-O {[%emt 0:09:57]} Qc7 {[%emt 0:04:59]} 15. h3 {[%emt 0:04:33]} b6 {[%emt 0:03:07]} 16. Rfe1 {[%emt 0:04:00]} Rfe8 {[%emt 0:00:38]} 17. Bg5 {[%emt 0:06:39]} Ne4 {[%emt 0:05:43]} 18. Qd5 {[%emt 0:03:06]} Nxg5 {[%emt 0:00:44]} 19. Nxg5 {[%emt 0:00:41]} Bf4 {[%emt 0:05:22]} 20. Nf3 {[%emt 0:02:52]} Rxe1+ {[%emt 0:09:27]} 21. Rxe1 {[%emt 0:00:04]} Rd8 {[%emt 0:00:10]} 22. Qe4 {[%emt 0:04:08]} g6 {[%emt 0:00:17]} 23. Qa4 {[%emt 0:07:46]} Bd6 {[%emt 0:01:51]} 24. Qe4 {[%emt 0:12:34]} c4 {[%emt 0:06:50]} 25. Qh4 {[%emt 0:01:40]} Bf8 {[%emt 0:02:37]} 26. Ng5 {[%emt 0:01:10]} h6 {[%emt 0:00:10]} 27. Nf3 {[%emt 0:01:30]} b5 {[%emt 0:02:05]} 28. Qe4 {[%emt 0:01:38]} Qd7 {[%emt 0:02:20]} 29. a4 {[%emt 0:02:07]} a6 {[%emt 0:00:12]} 30. axb5 {[%emt 0:00:17]} axb5 {[%emt 0:00:06]} 1/2-1/2

[Event "VII Sunway Sitges Open 2020"]
[Site "Sitges"]
[Date "2020.12.14"]
[Round "2.25"]
[White "Stefanova, Antoaneta"]
[Black "Souhardo, Basak"]
[Result "1/2-1/2"]
[WhiteElo "2466"]
[BlackElo "2276"]
[Annotator "TA"]
[PlyCount "102"]
[EventDate "2020.12.13"]
[EventType "swiss"]
[EventCountry "ESP"]
[SourceTitle "playchess.com"]
[Source "ChessBase"]
[SourceQuality "1"]

{[%evp 12,102,6,6,14,2,7,0,14,16,16,18,22,16,21,20,33,29,41,33,44,37,39,33,32,25,36,26,43,43,48,41,45,24,19,8,39,36,27,30,41,36,58,30,77,73,175,188,168,178,229,226,269,250,277,263,478,515,515,503,397,32,37,23,57,0,0,0,0,-75,-52,-135,-135,-184,0,0,0,-10,-8,-12,-10,-10,-10,-45,0,0,0,0,0,0,0,0,-8]} 1. d4 Nf6 2. Nf3 e6 3. e3 d5 4. Bd3 b6 5. O-O Bb7 6. b3 Bd6 7. c4 Nbd7 {E14: Queen's Indian: Classical Variation (4 e3).} 8. cxd5 exd5 9. Ba3 Qe7 {9...Bxa3 is the modern continuation.} 10. Bxd6 Qxd6 11. Nc3 {[%cal Bb1c3,Bc3e2,Be2f4][%mdl 32] Black must now prevent Nb5.} a6 12. Rc1 O-O 13. Qe2 Ne4 {[#]} 14. Qb2 $146 ({Predecessor:} 14. Bxe4 dxe4 15. Nd2 Rae8 16. Rc2 f5 17. Qc4+ Rf7 18. Ne2 Nf6 19. Ng3 Nd5 20. Qe2 {0-1 (34) Rolf,M (2034)-Hoecher,M (2096) Hofheim 2016}) 14... f5 15. Ne2 Rae8 16. Nf4 c6 17. Bb1 a5 18. Rfe1 Qh6 19. Nd3 Ng5 20. Nxg5 Qxg5 21. a3 Qh6 22. f4 Ba6 23. Nf2 Re6 24. Bd3 Bb7 25. b4 axb4 26. axb4 b5 27. Nh3 Rg6 {...Qxh3 is the strong threat.} 28. Ng5 Rxg5 (28... Nb6 $16) 29. fxg5 $18 Qxg5 {[#]} 30. Qf2 $1 Qe7 (30... Nb6 $142 31. Qf4 Qd8) 31. Qf4 ({Don't take} 31. Bxf5 $6 g6) 31... Nb8 32. Rf1 g6 33. Bxb5 g5 $2 {[#]} ({Don't play} 33... cxb5 34. Rc7 $18) (33... Re8 {was necessary.} 34. Rfe1 Qf8) 34. Qg3 $1 f4 35. exf4 cxb5 36. f5 $2 (36. fxg5 $18 Rxf1+ 37. Rxf1) 36... Qf6 $14 37. Rc7 Bc6 38. Qe5 (38. Rf2 $14) 38... Na6 $1 $11 {[%cal Ra6c7][%mdl 64] Double Attack} 39. Qxf6 Rxf6 40. Re7 (40. Rc8+ $11 {remains equal.} Kg7 41. g4) 40... Nxb4 $17 41. g4 ({White should try} 41. Ra1 $15) 41... Nc2 42. h4 Nxd4 $2 ({Better is} 42... gxh4 $19 {Hoping for ...b4.} 43. Rf2 Nxd4) 43. hxg5 $11 Rf7 44. Re3 b4 {Threatening ...Rb7.} 45. Rd1 Nc2 46. Re6 Rc7 {Black wants to play ...b3.} 47. g6 b3 {aiming for ...d4.} 48. gxh7+ {The position is equal.} Kxh7 {Threatens to win with ...d4.} 49. Rd3 b2 50. Rh3+ $1 Kg8 51. Rb3 Nd4 {Never resign too early!  Weighted Error Value: White=0.21/Black=0.23} 1/2-1/2